000 01078njm a22002537a 4500
005 20100906155917.0
007 sd ammalaaahaa
008 100830t xxu||||| |||| 00| 0 hin d
028 _aN. 54230
_bHis Master's Voice
035 _aGR-01095
040 _aSED/VEN
100 _917458
_aKapoor, Mahendra
245 _aKan kan me bhagwan bhag 1 /
_h[Sound recording] :
_cby Mahendra Kapoor ; music Dtn Shivram ; lyric Bharat Vyas
246 _aकण कण में भगवन (सुमन)
260 _aDum Dum, India
_bHis Master's Voice
300 _a1 Sound disc [Gramophone Record] :
_banalog, 33 1/3 rpm
_c12 in (LP)
_fGramophone Records
500 _aBrief record
505 _aBharat bhumi mahan hei, sab ko nach nachana (भारत भूमि महान है) (सब को नाच नाचना) पार्ट. 2
650 _aOrchestra
_91186
_zIndia
_xExcerpts
700 _917459
_aShivnam
700 _aBharat Vyaa
_918734
942 _2ddc
_cGR
999 _c44238
_d44238